| 000 | 00848pam a2200313 a 4500 | ||
|---|---|---|---|
| 003 | OSt | ||
| 005 | 20140310184243.0 | ||
| 008 | 870901s1988 nyua j 000 1 eng | ||
| 010 | _a 87024761 | ||
| 020 | _a0439786622 | ||
| 020 | _a0531083497 (lib. bdg.) | ||
| 040 |
_aDLC _cDLC _dDLC |
||
| 042 | _alcac | ||
| 050 | 0 | 0 |
_aPZ 7 _b.P2843Is 2006 |
| 100 | 1 |
_aPaulsen, Gary. _95626 |
|
| 245 | 1 | 4 |
_aThe island / _cGary Paulsen. |
| 260 |
_aNew York : _bScholastic, _c2006. |
||
| 300 |
_a202 p. : _bill. ; _c22 cm. |
||
| 521 | _aG8 | ||
| 526 | _c1050 | ||
| 650 | 1 |
_aIdentity _xFiction. _927653 |
|
| 650 | 1 |
_aNature _xFiction. _927654 |
|
| 650 | 1 |
_aIslands _xFiction. _927655 |
|
| 651 | 1 |
_aWisconsin _xFiction. _927656 |
|
| 906 |
_a7 _bcbc _corignew _d1 _eocip _f19 _gy-gencatlg |
||
| 942 |
_2lcc _cBK-SCHOLAS |
||
| 999 |
_c33296 _d33296 |
||